| 000 | 01058nam a2200193 a 4500 | ||
|---|---|---|---|
| 001 | 000073567 | ||
| 003 | AM-YeHGA | ||
| 005 | 20250617161100.0 | ||
| 008 | 990910s1964 ||||||||||||||||||||rus d | ||
| 040 | _aAM-YeHGA | ||
| 100 | 1 | _aКиссин, И.Г. | |
| 245 | 1 | 0 |
_aВосточно-Предкавказский артезианский бассейн / _cИ.Г. Киссин ; Отв. ред. И.Я. Пантелеев ; АН СССР. Госстрой СССР. Производственный и научно-исследовательский ин-т по инженерным изысканиям в строительстве. |
| 260 |
_aМосква : _bНаука, _c1964. |
||
| 300 | _a239 с. | ||
| 650 | 1 | 4 | _aФизическая география |
| 700 | 1 |
_aПантелеев, И.Я. _eред. _4edt |
|
| 710 | 2 | _aПроизводственный и научно-исследовательский институт по инженерным изысканиям в строительстве Госстроя СССР | |
| 090 | _c468391 | ||
| 999 |
_c465193 _d465193 |
||